[Event "Cali Loyola Cup 13th"]
[Site "Cali"]
[Date "2011.08.25"]
[Round "1.10"]
[White "Ortiz Galvis, Henry Andres"]
[Black "Torres Benitez, Fabio Ignacio"]
[Result "0-1"]
[WhiteElo "1600"]
[BlackElo "1660"]
[PlyCount "84"]
[EventDate "2011.08.25"]
[EventType "swiss"]
[EventRounds "7"]
[EventCountry "COL"]
[SourceTitle "EXT 2024"]
[Source "ChessBase"]
[SourceDate "2023.10.10"]
[SourceVersion "1"]
[SourceVersionDate "2023.10.10"]
[SourceQuality "1"]

1. e4 e6 2. Nf3 d5 3. Nc3 Nf6 4. e5 Nfd7 5. d4 Be7 6. Bd3 a6 7. a3 c5 8. dxc5 Nxc5 9. Be2 Nc6 10. 0-0 0-0 11. b4 Nd7 12. Bb2 Qc7 13. b5 Ncxe5 14. Nxe5 Nxe5 15. b6 Qd6 16. Qd4 Bf6 17. Ne4 Nf3+ 18. Bxf3 Bxd4 19. Nxd6 Bxb2 20. Ra2 Be5 21. Nxc8 Raxc8 22. a4 Rc6 23. a5 Rfc8 24. Bd1 Rc5 25. f4 Bc3 26. f5 Rxa5 27. Rxa5 Bxa5 28. fxe6 Bxb6+ 29. Kh1 fxe6 30. Bg4 Re8 31. Bh5 g6 32. Bg4 Be3 33. Re1 d4 34. Rb1 Re7 35. Rb6 d3 36. Rb2 d2 37. c4 Rd7 38. Rb1 Rd6 39. Bd1 Rb6 40. Ra1 Bd4 41. Ra2 Bc3 42. c5 Rb1 0-1